| 000 | 01468nam a2200373 a 4500 | ||
|---|---|---|---|
| 999 |
_c116123 _d116123 |
||
| 003 | BLK | ||
| 005 | 20240808111227.0 | ||
| 008 | 180409b bul|||||r ||||||| ||bul|| | ||
| 010 | _aKNG00121652000 | ||
| 040 | _aBLK | ||
| 041 |
_aBUL _cBUL |
||
| 080 |
_aАктьори, театрални _b792.071.2 _x(497.2)(092) _z792.071.2(497.2)(092) |
||
| 080 |
_b929 Кисимов, Константин _z929 Кисимов, Константин |
||
| 100 | 1 |
_aГьорова, Севелина Цокова _eпърви автор _9371077 |
|
| 139 |
_aГьорова, Севелина Цокова _bК 60 |
||
| 245 | 1 | 0 |
_aКонстантин Кисимов _bТворчески портрет _cСевелина Цокова Гьорова. |
| 257 | _aBGR | ||
| 260 |
_bНар. младеж _c1971 _aСофия |
||
| 300 |
_a200 с., 8 л. ил. _c20 см |
||
| 380 | _a7 | ||
| 600 | 0 |
_aКисимов, Константин Василев _9376371 |
|
| 650 | 4 |
_aАктьори, български - биографии _9241623 |
|
| 653 | _aактьори | ||
| 653 | _aбиографии | ||
| 653 | _aБългария | ||
| 653 | _aтеатър | ||
| 852 |
_aЦб 35971 _bЦб |
||
| 856 | 4 | _qpdf | |
| 856 | 4 | _qpdf | |
| 942 |
_cKNG _n0 _s1 |
||
| 944 |
_aCR _c08.03.2011 _lВиолета Тройчева _k30552 |
||
| 944 |
_aED _c08.01.2016 _lдобави в АБ / 07.03.2011 _kИрена_Линкова |
||
| 999 | _d116123 | ||